[Event "LSS No Engine Cup 172 Final"]
[Site "LSS email"]
[Date "2018.05.28"]
[Round "?"]
[White "Hoehne, Micha"]
[Black "McLeod, Sylvester"]
[Result "0-1"]
[WhiteElo "1834"]
[BlackElo "2199"]
[PlyCount "82"]
[EventDate "2018.05.29"]
[EventType "tourn (corr)"]
[EventRounds "6"]
[EventCountry "GER"]
[SourceTitle "Corr 2022"]
[Source "ChessBase"]
[SourceDate "2021.10.24"]
[SourceVersion "1"]
[SourceVersionDate "2021.10.24"]
[SourceQuality "1"]

1. e4 e5 2. Nf3 Nc6 3. d4 exd4 4. Nxd4 Nf6 5. Nxc6 bxc6 6. e5 Qe7 7. Qe2 Nd5 8. c4 Ba6 9. Nd2 0-0-0 10. b3 f6 11. Bb2 fxe5 12. 0-0-0 Re8 13. g3 Nf6 14. Ne4 d5 15. Nxf6 gxf6 16. Qg4+ Kb8 17. cxd5 Bb7 18. Bg2 Qc5+ 19. Qc4 Qxf2 20. dxc6 Qxg2 21. cxb7 Be7 22. Qd5 Qxd5 23. Rxd5 h5 24. Rf1 Kxb7 25. Rb5+ Ka6 26. Rd5 h4 27. g4 h3 28. g5 fxg5 29. Bxe5 c6 30. Rd2 Ba3+ 31. Bb2 Bxb2+ 32. Rxb2 g4 33. Rg1 Re4 34. Rf2 Rhe8 35. Kd2 Kb5 36. Rg3 a5 37. Rd3 Kb4 38. Rg3 R8e5 39. Kd3 c5 40. Kd2 Rd4+ 41. Kc2 Ka3 0-1

[Event "RM-2018-0-00181"]
[Site "LSS email"]
[Date "2018.05.25"]
[Round "?"]
[White "McLeod, Sylvester"]
[Black "Dorer, Manfred"]
[Result "1/2-1/2"]
[WhiteElo "2328"]
[BlackElo "2318"]
[PlyCount "74"]
[EventDate "2017.12.13"]
[EventType "tourn (corr)"]
[EventRounds "6"]
[EventCountry "GER"]
[SourceTitle "Corr 2022"]
[Source "ChessBase"]
[SourceDate "2021.10.24"]
[SourceVersion "1"]
[SourceVersionDate "2021.10.24"]
[SourceQuality "1"]

1. e4 c5 2. Nf3 d6 3. d4 cxd4 4. Nxd4 Nf6 5. Nc3 a6 6. Be3 e5 7. Nb3 Be6 8. f3 Be7 9. Qd2 0-0 10. 0-0-0 Nbd7 11. g4 b5 12. g5 b4 13. Ne2 Ne8 14. f4 a5 15. f5 a4 16. Nbd4 exd4 17. Nxd4 b3 18. Kb1 bxc2+ 19. Nxc2 Bb3 20. axb3 axb3 21. Na3 Ne5 22. h4 Ra4 23. Bd4 Nf3 24. Qc3 Nxd4 25. Rxd4 Rxd4 26. Qxd4 d5 27. Qxd5 Qb6 28. Bc4 Bxa3 29. bxa3 Nd6 30. g6 hxg6 31. fxg6 Nxc4 32. gxf7+ Rxf7 33. Qxc4 Qf2 34. Qxb3 Kh7 35. Rd1 Rf6 36. Qc3 Rf3 37. Qc2 Qxc2+ 1/2-1/2

[Event "RM-2018-0-00181"]
[Site "LSS email"]
[Date "2018.02.22"]
[Round "?"]
[White "McLeod, Sylvester"]
[Black "Eman, Juan"]
[Result "1/2-1/2"]
[WhiteElo "2328"]
[BlackElo "2236"]
[PlyCount "82"]
[EventDate "2017.12.13"]
[EventType "tourn (corr)"]
[EventRounds "6"]
[EventCountry "GER"]
[SourceTitle "Corr 2022"]
[Source "ChessBase"]
[SourceDate "2021.10.24"]
[SourceVersion "1"]
[SourceVersionDate "2021.10.24"]
[SourceQuality "1"]

1. d4 Nf6 2. c4 e6 3. Nf3 d5 4. Nc3 c6 5. e3 Nbd7 6. Qc2 Bd6 7. Bd3 0-0 8. 0-0 dxc4 9. Bxc4 b5 10. Be2 a6 11. e4 e5 12. Be3 Re8 13. Rad1 Qc7 14. Kh1 exd4 15. Nxd4 Nb6 16. Bg5 b4 17. Bxf6 bxc3 18. e5 Bf8 19. Bh4 Qxe5 20. Bf3 Bd7 21. Qxc3 c5 22. Ne2 Rac8 23. Qxe5 Rxe5 24. Nc3 Bc6 25. Bxc6 Rxc6 26. g4 Re8 27. Bg3 Nc4 28. Na4 Rce6 29. Rc1 Ne5 30. Nxc5 Bxc5 31. Rxc5 Nxg4 32. b4 Re2 33. a4 Rb2 34. f3 Nf6 35. Re1 Ra8 36. b5 axb5 37. axb5 Rb3 38. Rd1 h6 39. Be5 Rxf3 40. Rg1 Kh7 41. Rc7 Rf5 1/2-1/2

[Event "SM-2018-0-00390"]
[Site "LSS email"]
[Date "2018.02.22"]
[Round "?"]
[White "Wosch, Arkadiusz Janusz"]
[Black "McLeod, Sylvester"]
[Result "1/2-1/2"]
[WhiteElo "2357"]
[BlackElo "2328"]
[PlyCount "81"]
[EventDate "2017.12.08"]
[EventType "tourn (corr)"]
[EventRounds "6"]
[EventCountry "GER"]
[SourceTitle "Corr 2022"]
[Source "ChessBase"]
[SourceDate "2021.10.24"]
[SourceVersion "1"]
[SourceVersionDate "2021.10.24"]
[SourceQuality "1"]

1. e4 c5 2. Nf3 d6 3. d4 cxd4 4. Nxd4 Nf6 5. Nc3 a6 6. Be3 e5 7. Nb3 Be6 8. f3 Be7 9. Qd2 0-0 10. 0-0-0 Nbd7 11. g4 b5 12. g5 b4 13. Ne2 Ne8 14. f4 a5 15. f5 a4 16. fxe6 axb3 17. cxb3 fxe6 18. Bh3 Rxa2 19. Bxe6+ Kh8 20. Ng3 Nc7 21. Bc4 Qa8 22. Rhf1 Rxf1 23. Rxf1 Ra1+ 24. Kc2 Rxf1 25. Bxf1 d5 26. Qf2 g6 27. h4 Kg7 28. Kb1 Qf8 29. Qg2 d4 30. Bd2 Nb6 31. Ne2 Ne6 32. Nc1 Qa8 33. Nd3 Nd7 34. Nf2 Qc6 35. Qf3 d3 36. Bxd3 Nd4 37. Qd1 Nc5 38. Bc2 Qe6 39. Be3 Nxc2 40. Qxc2 Nxb3 41. Nd3 1/2-1/2

[Event "CP-2017-P-00005"]
[Site "LSS email"]
[Date "2017.09.27"]
[Round "?"]
[White "Koch, Christian"]
[Black "McLeod, Sylvester"]
[Result "1/2-1/2"]
[WhiteElo "2277"]
[BlackElo "2332"]
[PlyCount "53"]
[EventDate "2017.10.01"]
[EventType "tourn (corr)"]
[EventRounds "6"]
[EventCountry "GER"]
[SourceTitle "Corr 2022"]
[Source "ChessBase"]
[SourceDate "2021.10.24"]
[SourceVersion "1"]
[SourceVersionDate "2021.10.24"]
[SourceQuality "1"]

1. e4 e5 2. Nf3 Nf6 3. Nxe5 d6 4. Nf3 Nxe4 5. d4 d5 6. Bd3 Nc6 7. 0-0 Be7 8. c4 Nb4 9. Be2 0-0 10. Nc3 Bf5 11. a3 Nxc3 12. bxc3 Nc6 13. Re1 Re8 14. cxd5 Qxd5 15. Bf4 Rac8 16. Bd3 Qd7 17. Rb1 b6 18. d5 Bxd3 19. Qxd3 Bxa3 20. Ng5 g6 21. Ne4 Qf5 22. Bxc7 Rxc7 23. Nf6+ Qxf6 24. Rxe8+ Kg7 25. dxc6 Bc5 26. Rb2 Rxc6 27. Qd8 1/2-1/2

[Event "SM-2017-0-00381"]
[Site "LSS email"]
[Date "2017.08.28"]
[Round "?"]
[White "Schott, Detlef"]
[Black "McLeod, Sylvester"]
[Result "1/2-1/2"]
[WhiteElo "2309"]
[BlackElo "2311"]
[PlyCount "72"]
[EventDate "2017.07.09"]
[EventType "tourn (corr)"]
[EventRounds "6"]
[EventCountry "GER"]
[SourceTitle "Corr 2022"]
[Source "ChessBase"]
[SourceDate "2021.10.24"]
[SourceVersion "1"]
[SourceVersionDate "2021.10.24"]
[SourceQuality "1"]

1. d4 Nf6 2. c4 e6 3. g3 d5 4. Nf3 dxc4 5. Bg2 a6 6. 0-0 Nc6 7. e3 Bd7 8. Qe2 b5 9. b3 cxb3 10. axb3 Bd6 11. Bb2 0-0 12. Rc1 Nb4 13. Ne5 Ra7 14. Na3 Be8 15. e4 Be7 16. h3 Nd7 17. Nxb5 Nxe5 18. Nxa7 Ned3 19. d5 exd5 20. exd5 Nxb2 21. Qxb2 Nd3 22. Qc3 Nxc1 23. Rxc1 Bd6 24. Nc6 Qc8 25. Re1 Bxc6 26. dxc6 Re8 27. Rxe8+ Qxe8 28. Qa5 Qa8 29. h4 g6 30. Bd5 Kg7 31. Kg2 Qa7 32. Qc3+ f6 33. h5 Qc5 34. Qd2 gxh5 35. Qd3 Qb4 36. Bc4 Qc5 1/2-1/2

[Event "LSS No Engine Cup 172 Preliminary 0"]
[Site "LSS email"]
[Date "2017.08.19"]
[Round "?"]
[White "Thomae, Eberhard"]
[Black "McLeod, Sylvester"]
[Result "0-1"]
[WhiteElo "1919"]
[BlackElo "2186"]
[PlyCount "68"]
[EventDate "2017.08.20"]
[EventType "tourn (corr)"]
[EventRounds "6"]
[EventCountry "GER"]
[SourceTitle "Corr 2022"]
[Source "ChessBase"]
[SourceDate "2021.10.24"]
[SourceVersion "1"]
[SourceVersionDate "2021.10.24"]
[SourceQuality "1"]

1. e4 c5 2. Nf3 d6 3. Nc3 Nf6 4. d4 cxd4 5. Qxd4 Nc6 6. Bb5 Bd7 7. Qd3 a6 8. Bxc6 Bxc6 9. Bg5 e6 10. 0-0-0 Be7 11. Nd4 Rc8 12. f4 h6 13. Bh4 0-0 14. Rhe1 Re8 15. f5 Ng4 16. Bxe7 Qxe7 17. Qg3 Ne5 18. Rf1 Kh7 19. Kb1 b5 20. fxe6 fxe6 21. Nxc6 Rxc6 22. Ne2 b4 23. h4 Rc4 24. Rf4 a5 25. b3 Rc5 26. Nd4 a4 27. Qe1 Rc3 28. Nb5 axb3 29. axb3 Rc6 30. Qxb4 Qb7 31. c4 Ra8 32. Rff1 Rca6 33. Rfe1 Qf7 34. Qc3 Qf2 0-1

[Event "RM-2017-0-00175"]
[Site "LSS email"]
[Date "2017.08.07"]
[Round "?"]
[White "McLeod, Sylvester"]
[Black "Szabo, Vilmos"]
[Result "1/2-1/2"]
[WhiteElo "2311"]
[BlackElo "2439"]
[PlyCount "87"]
[EventDate "2016.11.14"]
[EventType "tourn (corr)"]
[EventRounds "6"]
[EventCountry "GER"]
[SourceTitle "Corr 2022"]
[Source "ChessBase"]
[SourceDate "2021.10.24"]
[SourceVersion "1"]
[SourceVersionDate "2021.10.24"]
[SourceQuality "1"]

1. e4 e5 2. Nf3 Nc6 3. Bb5 a6 4. Ba4 Nf6 5. 0-0 b5 6. Bb3 Be7 7. Re1 d6 8. c3 0-0 9. h3 Na5 10. Bc2 c5 11. d4 Qc7 12. Nbd2 Bd7 13. Nf1 Rfe8 14. b3 g6 15. Bg5 cxd4 16. cxd4 Nc6 17. Rc1 exd4 18. Nxd4 Rac8 19. Ne3 Qa7 20. Ne2 d5 21. Bxf6 Bxf6 22. Nxd5 Bg5 23. Bb1 Be6 24. Nef4 Red8 25. Bd3 Qd4 26. Rc2 Qe5 27. g3 Nd4 28. Rxc8 Rxc8 29. Kf1 Bxf4 30. Nxf4 h5 31. Nxe6 Nxe6 32. Qa1 Rc3 33. Bc4 bxc4 34. Re3 cxb3 35. Rxc3 Nd4 36. Qb2 bxa2 37. Qxa2 Qxe4 38. f3 Nxf3 39. Qe2 Qxe2+ 40. Kxe2 Ng1+ 41. Ke3 Nxh3 42. Ra3 Kg7 43. Rxa6 f5 44. Rc6 1/2-1/2

[Event "RM-2017-0-00176"]
[Site "LSS email"]
[Date "2017.08.01"]
[Round "?"]
[White "McLeod, Sylvester"]
[Black "Khanas, Valeriy"]
[Result "1/2-1/2"]
[WhiteElo "2311"]
[BlackElo "2329"]
[PlyCount "53"]
[EventDate "2017.02.02"]
[EventType "tourn (corr)"]
[EventRounds "6"]
[EventCountry "GER"]
[SourceTitle "Corr 2022"]
[Source "ChessBase"]
[SourceDate "2021.10.24"]
[SourceVersion "1"]
[SourceVersionDate "2021.10.24"]
[SourceQuality "1"]

1. e4 c5 2. Nf3 d6 3. d4 cxd4 4. Nxd4 Nf6 5. Nc3 a6 6. Be3 Ng4 7. Bg5 h6 8. Bh4 g5 9. Bg3 Bg7 10. h3 Ne5 11. Qd2 Nbc6 12. 0-0-0 Nxd4 13. Qxd4 Be6 14. Nd5 Rc8 15. Qb4 Bxd5 16. exd5 b5 17. Bxe5 Bxe5 18. Be2 Qb6 19. Rhf1 Qc5 20. Qb3 h5 21. Kb1 h4 22. c3 Rb8 23. Qb4 Kf8 24. Qxc5 dxc5 25. Rfe1 Rh6 26. Bf3 Bf4 27. Re4 1/2-1/2

[Event "RM-2017-0-00176"]
[Site "LSS email"]
[Date "2017.08.01"]
[Round "?"]
[White "Willmann, Bernd"]
[Black "McLeod, Sylvester"]
[Result "1/2-1/2"]
[WhiteElo "2281"]
[BlackElo "2311"]
[PlyCount "29"]
[EventDate "2017.02.02"]
[EventType "tourn (corr)"]
[EventRounds "6"]
[EventCountry "GER"]
[SourceTitle "Corr 2022"]
[Source "ChessBase"]
[SourceDate "2021.10.24"]
[SourceVersion "1"]
[SourceVersionDate "2021.10.24"]
[SourceQuality "1"]

1. d4 Nf6 2. c4 e6 3. Nf3 d5 4. Bg5 Be7 5. e3 0-0 6. Nc3 h6 7. Bxf6 Bxf6 8. Rc1 c6 9. Bd3 Nd7 10. 0-0 dxc4 11. Bxc4 e5 12. Ne4 exd4 13. Nxf6+ Nxf6 14. Qxd4 Bg4 15. Qf4 1/2-1/2